[Event "Petroupoli ASOP Dias Seniors op"]
[Site "Petroupoli"]
[Date "2013.04.13"]
[Round "3.7"]
[White "Maxilaris, Aggelos"]
[Black "Vlachaki, Nefeli"]
[Result "0-1"]
[WhiteElo "1451"]
[BlackElo "1000"]
[PlyCount "48"]
[EventDate "2013.03.30"]
[EventType "swiss"]
[EventRounds "7"]
[EventCountry "GRE"]
[SourceTitle "EXT 2024"]
[Source "ChessBase"]
[SourceDate "2023.10.10"]
[SourceVersion "1"]
[SourceVersionDate "2023.10.10"]
[SourceQuality "1"]

1. Nf3 d6 2. g3 Nf6 3. Bg2 g6 4. c4 Bg7 5. Nc3 0-0 6. 0-0 Bg4 7. d3 Nc6 8. Be3 Qd7 9. Rb1 Rfe8 10. b4 a6 11. a4 Bh3 12. Qc2 Bxg2 13. Kxg2 e5 14. b5 Na5 15. Rfd1 Rab8 16. Nd2 Qg4 17. Nce4 Qxe2 18. Nxf6+ Bxf6 19. Qc3 b6 20. Nf3 Qxf3+ 21. Kxf3 e4+ 22. dxe4 Bxc3 23. bxa6 Ra8 24. Rdc1 Bg7 0-1